| 000 | 00551cam a22001937a 4500 | ||
|---|---|---|---|
| 001 | 000001514 | ||
| 005 | 20200929145614.0 | ||
| 008 | 721130s1967 sp 000 1 spa | ||
| 040 |
_aDO-SdBNP _bspa _cBNPHU |
||
| 082 |
_a863.44 _bG491c, 1967 |
||
| 100 | 1 |
_aGiménez Arnau, Jose Antonio. _94999 |
|
| 245 | 1 | 3 | _aLa cueva de ladrones. |
| 250 | _a2a ed. | ||
| 260 |
_aBarcelona : _bDestino, _c1967. |
||
| 300 |
_a291 p. ; _c19 cm. |
||
| 440 | 0 |
_aÁncora y Delfín ; _v279 _95000 |
|
| 650 | 4 |
_aCuentos españoles _93194 |
|
| 650 | 4 |
_aLiteratura española _9632 |
|
| 999 |
_c1418 _d1418 |
||